[Event "DVM U12 2023"]
[Site "Magdeburg GER"]
[Date "2023.12.28"]
[Round "4"]
[White "Dauerer, Leonhard"]
[Black "Xu, Wanghan"]
[Result "1/2-1/2"]
[Termination "normal"]
[Board "1.4"]
[WhiteElo "1074"]
[BlackElo "1275"]
[WhiteClock "00:54:09"]
[BlackClock "01:05:22"]
[WhiteTeam "SK Kelheim 1920"]
[BlackTeam "SV Dresden-Striesen 1990"]
[PlyCount "70"]
[WhiteFideId "34640223"]
[BlackFideId "34608745"]
[EventCountry "GER"]
[EventRounds "7"]
[EventType "team-swiss"]
[EventDate "2023.12.26"]

1. e4 {[%clk 01:30:56]} {[%emt 00:00:02]} e5 {[%clk 01:30:55]} {[%emt
00:00:06]} 2. Nf3 {[%clk 01:30:59]} {[%emt 00:00:27]} Nc6 {[%clk 01:31:16]}
{[%emt 00:00:09]} 3. Bc4 {[%clk 01:31:13]} {[%emt 00:00:16]} Bc5 {[%clk
01:31:16]} {[%emt 00:00:30]} 4. b4 {[%clk 01:29:59]} {[%emt 00:01:45]} Bxb4
{[%clk 01:29:50]} {[%emt 00:01:56]} 5. c3 {[%clk 01:29:18]} {[%emt 00:01:11]}
Ba5 {[%clk 01:21:45]} {[%emt 00:08:35]} 6. Qb3 {[%clk 01:28:39]} {[%emt
00:01:08]} Qe7 {[%clk 01:20:01]} {[%emt 00:02:15]} 7. O-O {[%clk 01:28:30]}
{[%emt 00:00:39]} d6 {[%clk 01:19:02]} {[%emt 00:01:29]} 8. d4 {[%clk
01:28:06]} {[%emt 00:00:54]} Bb6 {[%clk 01:18:12]} {[%emt 00:01:20]} 9. Qc2
{[%clk 01:25:25]} {[%emt 00:03:09]} h6 {[%clk 01:18:18]} {[%emt 00:00:26]} 10.
Ba3 {[%emt 00:00:42]} exd4 {[%clk 01:18:10]} {[%emt 00:00:36]} 11. Qd2 {[%clk
01:23:44]} {[%emt 00:02:01]} Bg4 {[%clk 01:16:58]} {[%emt 00:01:43]} 12. Nxd4
{[%clk 01:22:45]} {[%emt 00:01:29]} Nxd4 {[%clk 01:16:02]} {[%emt 00:01:26]}
13. cxd4 {[%clk 01:22:14]} {[%emt 00:01:01]} O-O-O {[%clk 01:15:38]} {[%emt
00:00:54]} 14. f3 {[%clk 01:20:58]} {[%emt 00:01:47]} Be6 {[%clk 01:15:46]}
{[%emt 00:00:22]} 15. Rc1 {[%clk 01:20:35]} {[%emt 00:00:51]} Bxc4 {[%clk
01:15:34]} {[%emt 00:00:44]} 16. Rxc4 {[%clk 01:20:44]} {[%emt 00:00:20]} Qd7
{[%clk 01:15:17]} {[%emt 00:00:48]} 17. Nc3 {[%clk 01:18:35]} {[%emt 00:02:39]}
Nf6 {[%clk 01:13:41]} {[%emt 00:02:07]} 18. Rc1 {[%clk 01:15:20]} {[%emt
00:03:44]} d5 {[%clk 01:12:55]} {[%emt 00:01:16]} 19. Nxd5 {[%clk 01:13:50]}
{[%emt 00:02:00]} Nxd5 {[%clk 01:13:05]} {[%emt 00:00:21]} 20. exd5 {[%clk
01:13:43]} {[%emt 00:00:35]} Qxd5 {[%clk 01:13:02]} {[%emt 00:00:34]} 21. Kh1
{[%clk 01:12:39]} {[%emt 00:01:34]} Kb8 {[%clk 01:12:47]} {[%emt 00:00:45]} 22.
Qf4 {[%clk 01:11:59]} {[%emt 00:01:11]} Rc8 {[%clk 01:11:28]} {[%emt 00:01:49]}
23. Bc5 {[%clk 01:11:10]} {[%emt 00:01:19]} Bxc5 {[%clk 01:11:33]} {[%emt
00:00:26]} 24. Rxc5 {[%clk 01:11:28]} {[%emt 00:00:12]} Qd7 {[%clk 01:11:20]}
{[%emt 00:00:41]} 25. a4 {[%clk 01:10:58]} {[%emt 00:01:02]} Rhe8 {[%clk
01:11:06]} {[%emt 00:00:43]} 26. h3 {[%clk 01:10:35]} {[%emt 00:00:53]} Re6
{[%clk 01:10:38]} {[%emt 00:00:58]} 27. d5 {[%clk 01:09:48]} {[%emt 00:01:17]}
Rf6 {[%clk 01:10:50]} {[%emt 00:00:17]} 28. Qh2 {[%clk 01:08:59]} {[%emt
00:01:20]} Rd6 {[%clk 01:10:04]} {[%emt 00:01:16]} 29. Qe5 {[%clk 01:08:38]}
{[%emt 00:00:49]} f6 {[%clk 01:09:30]} {[%emt 00:01:07]} 30. Qd4 {[%clk
01:07:42]} {[%emt 00:01:24]} c6 {[%clk 01:06:43]} {[%emt 00:03:18]} 31. Qf4
{[%clk 01:06:20]} {[%emt 00:01:52]} Ka8 {[%clk 01:05:32]} {[%emt 00:01:42]} 32.
Qe4 {[%clk 01:03:14]} {[%emt 00:03:35]} Kb8 {[%clk 01:04:27]} {[%emt 00:01:35]}
33. Qf4 {[%clk 01:02:37]} {[%emt 00:01:09]} Ka8 {[%clk 01:04:45]} {[%emt
00:00:11]} 34. Qe4 {[%clk 00:55:18]} {[%emt 00:07:48]} Kb8 {[%clk 01:05:03]}
{[%emt 00:00:12]} 35. Qf4 {[%clk 00:54:09]} {[%emt 00:01:39]} Ka8 {[%clk
01:05:22]} {[%emt 00:00:11]} 1/2-1/2

[Event "DVM U12 2023"]
[Site "Magdeburg GER"]
[Date "2023.12.28"]
[Round "4"]
[White "Derr, Oleg"]
[Black "Kovalyov, Dima"]
[Result "1/2-1/2"]
[Termination "normal"]
[Board "2.1"]
[WhiteElo "1801"]
[BlackElo "1665"]
[WhiteClock "01:32:10"]
[BlackClock "01:30:19"]
[WhiteTeam "VSG 1880 Offenbach"]
[BlackTeam "SG Solingen"]
[PlyCount "10"]
[WhiteFideId "34611517"]
[BlackFideId "34631631"]
[EventCountry "GER"]
[EventRounds "7"]
[EventType "team-swiss"]
[EventDate "2023.12.26"]

1. e4 { [%emt 07:02:57] [%clk 1:30:57] } 1... c6 { [%clk 1:30:55] } 2. d3 {
[%clk 1:31:18] } 2... d5 { [%clk 1:31:21] } 3. Nd2 { [%clk 1:31:44] } 3... e5 {
[%clk 1:31:23] } 4. Ngf3 { [%clk 1:32:06] } 4... Bd6 { [%clk 1:31:44] } 5. Be2
{ [%clk 1:32:10] } 5... Ne7 { [%clk 1:30:19] } 6. d4 exd4 7. Nxd4 Ng6 8. exd5
cxd5 9. N2f3 Nc6 10. O-O O-O 11. c3 Qc7 12. Nb5 Qd8 13. Nxd6 Qxd6 14. Be3 Be6
15. Qd2 Rfd8 16. Rad1 Qc7 17. Nd4 a6 18. f4 Nxd4 19. Bxd4 Bf5 20. Rf2 Be4 21.
f5 Ne5 22. f6 Ng6 23. Qg5 Re8 24. h4 h6 25. Qg4 Bc2 26. Rc1 Re4 27. Qf3 1/2-1/2

[Event "DVM U12 2023"]
[Site "Magdeburg GER"]
[Date "2023.12.28"]
[Round "4"]
[White "Meijers, Janis"]
[Black "Zargaran, Sepas"]
[Result "1/2-1/2"]
[Termination "normal"]
[Board "2.2"]
[WhiteElo "1418"]
[BlackElo "1636"]
[WhiteTeam "SG Solingen"]
[BlackTeam "VSG 1880 Offenbach"]
[WhiteFideId "34143289"]
[BlackFideId "34625275"]
[EventCountry "GER"]
[EventRounds "7"]
[EventType "team-swiss"]
[EventDate "2023.12.26"]

1. d4 Nf6 2. c4 g6 3. Nc3 Bg7 4. e4 d6 5. Nf3 O-O 6. Be2 c5 7. d5 Nbd7 8. O-O
a6 9. h3 Rb8 10. Qc2 Re8 11. Be3 h6 12. Nd2 Qa5 13. a3 e5 14. b4 cxb4 15. axb4
Qc7 16. b5 Nc5 17. Nb3 Nfd7 18. f3 Nxb3 19. Qxb3 Nc5 20. Qb4 b6 21. bxa6 Bxa6
22. Bxc5 bxc5 23. Qa5 Qxa5 24. Rxa5 Ra8 25. Rfa1 Bb7 26. Rxa8 Rxa8 27. Rxa8+
Bxa8 28. Bd1 Bb7 29. Ba4 Kf8 30. Kf2 Ke7 31. Ke3 Bf8 32. f4 f6 33. fxe5 fxe5
34. h4 g5 35. hxg5 hxg5 36. Nb5 Bc8 37. Bd1 Bd7 38. Na7 Kd8 39. Nc6+ Kc7 40.
Ba4 Kb6 41. Bb5 Kc7 42. Kf2 Bg4 43. Ke3 Bd7 44. Kf3 Bc8 45. Kg3 Bd7 46. Na7 Bc8
47. Nxc8 Kxc8 48. Kg4 Be7 49. Kf5 Bd8 50. Ke6 Bc7 51. Ba6+ Kd8 52. Kf5 Ke7 53.
Kxg5 Kf7 54. Kh6 Bd8 55. g4 Bf6 56. g5 Bg7+ 57. Kh7 Bf8 58. g6+ Kf6 59. Bc8 Bg7
60. Bg4 Bf8 61. Kg8 Bh6 62. Kh7 Bg7 63. Kg8 1/2-1/2

[Event "DVM U12 2023"]
[Site "Magdeburg GER"]
[Date "2023.12.28"]
[Round "4"]
[White "Papadopoulos, Kyriakos"]
[Black "Shivkumar, Shreyas"]
[Result "0-1"]
[Termination "normal"]
[Board "2.3"]
[WhiteElo "1465"]
[BlackElo "1405"]
[WhiteTeam "VSG 1880 Offenbach"]
[BlackTeam "SG Solingen"]
[WhiteFideId "34630732"]
[BlackFideId "34638407"]
[EventCountry "GER"]
[EventRounds "7"]
[EventType "team-swiss"]
[EventDate "2023.12.26"]

1. e4 c6 2. d4 d5 3. exd5 cxd5 4. Nc3 Nf6 5. Nf3 Nc6 6. Bb5 Bg4 7. Be3 Ne4 8.
h3 Nxc3 9. bxc3 Bh5 10. Bd2 e6 11. g4 Bg6 12. Ne5 Rc8 13. h4 f6 14. Nxg6 hxg6
15. Bd3 f5 16. gxf5 gxf5 17. Qe2 Kd7 18. h5 Be7 19. Rg1 Bf6 20. Bf4 Qb6 21. Kf1
Rcd8 22. Bg5 Qb2 23. Re1 Qxc3 24. Bxf6 gxf6 25. Bb5 Qh3+ 26. Rg2 Rhg8 27. Bxc6+
bxc6 28. f4 Qh1+ 29. Kf2 Qxg2+ 0-1

[Event "DVM U12 2023"]
[Site "Magdeburg GER"]
[Date "2023.12.28"]
[Round "4"]
[White "Meijers, Jaroslav"]
[Black "Kollmer, Otto"]
[Result "1-0"]
[Termination "normal"]
[Board "2.4"]
[WhiteElo "1104"]
[BlackElo "1029"]
[WhiteTeam "SG Solingen"]
[BlackTeam "VSG 1880 Offenbach"]
[WhiteFideId "34143297"]
[BlackFideId "34660712"]
[EventCountry "GER"]
[EventRounds "7"]
[EventType "team-swiss"]
[EventDate "2023.12.26"]

1. d4 d5 2. c4 e6 3. Nc3 a6 4. cxd5 exd5 5. Nf3 h6 6. Bf4 Nf6 7. e3 Bd6 8. Bxd6
Qxd6 9. Be2 Bg4 10. h3 Bxf3 11. Bxf3 c6 12. O-O Nbd7 13. e4 Qe6 14. exd5 cxd5
15. Re1 Ne4 16. Bxe4 O-O 17. Bh7+ Kxh7 18. Rxe6 fxe6 19. Qg4 1-0

[Event "DVM U12 2023"]
[Site "Magdeburg GER"]
[Date "2023.12.28"]
[Round "4"]
[White "Li, Yunqi"]
[Black "Mandalka, Justus"]
[Result "1-0"]
[Termination "normal"]
[Board "3.1"]
[WhiteElo "1667"]
[BlackElo "1775"]
[WhiteClock "00:09:35"]
[BlackClock "00:08:13"]
[WhiteTeam "SF 59 Kornwestheim"]
[BlackTeam "SK Bad Homburg 1927"]
[PlyCount "79"]
[WhiteFideId "34610618"]
[BlackFideId "16298144"]
[EventCountry "GER"]
[EventRounds "7"]
[EventType "team-swiss"]
[EventDate "2023.12.26"]

1. d4 {[%clk 01:30:53]} {[%emt 07:08:15]} d5 {[%clk 01:30:56]} 2. c4 {[%clk
01:31:18]} e6 {[%clk 01:31:23]} 3. Nc3 {[%clk 01:31:29]} c5 {[%clk 01:31:45]}
4. cxd5 exd5 {[%clk 01:32:08]} 5. Nf3 {[%clk 01:31:59]} Nf6 {[%clk 01:32:24]}
6. Bg5 {[%clk 01:32:11]} cxd4 {[%clk 01:32:45]} 7. Nxd4 {[%clk 01:32:26]} Be7
{[%clk 01:33:00]} 8. g3 {[%clk 01:32:20]} O-O {[%clk 01:31:24]} 9. Bg2 {[%clk
01:32:37]} Nc6 {[%clk 01:31:36]} 10. O-O {[%clk 01:31:21]} Nxd4 {[%clk
01:25:07]} 11. Qxd4 {[%clk 01:31:29]} Be6 {[%clk 01:25:21]} 12. Rfd1 {[%clk
01:20:51]} Qa5 {[%clk 01:18:33]} 13. a3 {[%clk 01:03:46]} Rfd8 {[%clk
01:12:30]} 14. Rac1 {[%clk 00:47:57]} Rd7 {[%clk 00:59:04]} 15. Qa4 Qxa4 {[%clk
00:55:13]} 16. Nxa4 {[%clk 00:29:21]} b6 {[%clk 00:51:12]} 17. Nc3 {[%clk
00:27:24]} Rad8 {[%clk 00:49:51]} 18. Nb5 {[%clk 00:27:25]} h6 {[%clk
00:46:56]} 19. Bxf6 Bxf6 {[%clk 00:47:13]} 20. Nd4 Bxd4 {[%clk 00:44:31]} 21.
Rxd4 {[%clk 00:28:12]} Kf8 {[%clk 00:44:21]} 22. e3 {[%clk 00:27:27]} Ke7
{[%clk 00:39:40]} 23. Bf1 {[%clk 00:26:38]} Kd6 {[%clk 00:37:30]} 24. Rcd1
{[%clk 00:24:57]} Kc6 {[%clk 00:31:12]} 25. Ba6 {[%clk 00:22:59]} Kc7 {[%clk
00:28:17]} 26. R4d3 {[%clk 00:19:07]} Kb8 {[%clk 00:20:13]} 27. Bb5 {[%clk
00:19:12]} Rd6 {[%clk 00:20:39]} 28. e4 {[%clk 00:19:24]} d4 {[%clk 00:21:07]}
29. f4 {[%clk 00:18:56]} f6 {[%clk 00:19:35]} 30. Rc1 {[%clk 00:11:33]} Bc8
{[%clk 00:18:22]} 31. Bc6 {[%clk 00:11:26]} Bb7 {[%clk 00:16:48]} 32. Bxb7 Kxb7
{[%clk 00:17:17]} 33. Kf2 {[%clk 00:11:29]} Rc6 {[%clk 00:16:54]} 34. Rxc6 Kxc6
{[%clk 00:17:22]} 35. Rd2 {[%clk 00:10:38]} b5 {[%clk 00:14:38]} 36. Ke2 {[%clk
00:10:48]} a5 {[%clk 00:13:20]} 37. b3 {[%clk 00:09:43]} Kc5 {[%clk 00:10:34]}
38. Rc2+ Kb6 39. Kd3 {[%clk 00:09:45]} Rd7 {[%clk 00:08:13]} 40. e5 {[%clk
00:09:35]} fxe5 41. fxe5 Rd5 42. Ke4 d3 43. Rd2 Kc6 44. Rxd3 Rxd3 45. Kxd3 Kd5
46. a4 bxa4 47. bxa4 g5 48. e6 Kxe6 49. Kc4 Kf5 50. Kb5 Kg4 51. Kxa5 Kh3 52.
Kb4 Kxh2 53. a5 h5 54. a6 h4 55. g4 h3 56. a7 Kg1 57. a8=Q h2 58. Qa1+ Kg2 59.
Qb2+ Kg1 60. Qc1+ Kg2 61. Qxg5 1-0

[Event "DVM U12 2023"]
[Site "Magdeburg GER"]
[Date "2023.12.28"]
[Round "4"]
[White "Zhao, Yunsheng"]
[Black "Retzlaff, Nick"]
[Result "0-1"]
[Termination "normal"]
[Board "3.2"]
[WhiteElo "1433"]
[BlackElo "1527"]
[WhiteClock "00:09:25"]
[BlackClock "00:15:35"]
[WhiteTeam "SK Bad Homburg 1927"]
[BlackTeam "SF 59 Kornwestheim"]
[PlyCount "60"]
[WhiteFideId "16299280"]
[BlackFideId "34610367"]
[EventCountry "GER"]
[EventRounds "7"]
[EventType "team-swiss"]
[EventDate "2023.12.26"]

1. e4 {[%clk 01:30:58]} c5 {[%clk 01:30:56]} 2. Nf3 {[%clk 01:31:21]} e6 {[%clk
01:31:01]} 3. d4 {[%clk 01:31:46]} cxd4 {[%clk 01:31:25]} 4. Nxd4 {[%clk
01:32:09]} Nc6 {[%clk 01:31:49]} 5. Nc3 {[%clk 01:32:06]} Qc7 {[%clk 01:32:09]}
6. Be3 {[%clk 01:32:12]} a6 {[%clk 01:32:30]} 7. Be2 {[%clk 01:32:04]} b5
{[%clk 01:32:49]} 8. a3 {[%clk 01:32:13]} Nf6 {[%clk 01:31:14]} 9. O-O {[%clk
01:30:21]} Bb7 {[%clk 01:29:38]} 10. Re1 {[%clk 01:26:49]} d6 {[%clk 01:16:34]}
11. Bd3 {[%clk 01:20:40]} Be7 {[%clk 01:11:01]} 12. Qe2 {[%clk 01:18:51]} Ne5
{[%clk 01:03:46]} 13. Rac1 {[%clk 01:14:48]} Neg4 {[%clk 01:01:37]} 14. h3
{[%clk 01:11:12]} Nxe3 15. Qxe3 {[%clk 01:08:22]} Rd8 {[%clk 00:55:12]} 16.
Rcd1 {[%clk 01:01:01]} h6 {[%clk 00:45:54]} 17. Nf3 {[%clk 00:52:48]} O-O
{[%clk 00:41:13]} 18. Re2 {[%clk 00:44:21]} e5 {[%clk 00:36:46]} 19. Nh4 {[%clk
00:41:07]} d5 {[%clk 00:33:16]} 20. Nf5 {[%clk 00:35:19]} dxe4 {[%clk
00:21:54]} 21. Nxe7+ {[%clk 00:32:18]} Qxe7 {[%clk 00:22:13]} 22. Bxb5 {[%clk
00:28:43]} Rxd1+ 23. Nxd1 {[%clk 00:29:06]} axb5 {[%clk 00:22:49]} 24. Qb3
{[%clk 00:27:02]} Ba6 {[%clk 00:21:20]} 25. Re1 {[%clk 00:23:25]} Qb7 {[%clk
00:17:10]} 26. Nc3 {[%clk 00:20:45]} Rd8 {[%clk 00:16:50]} 27. Ne2 {[%clk
00:15:26]} Rd2 {[%clk 00:16:46]} 28. Ng3 {[%clk 00:13:52]} Qa7 {[%clk
00:16:11]} 29. Rf1 {[%clk 00:11:58]} Qc5 {[%clk 00:15:20]} 30. c3 {[%clk
00:09:25]} e3 {[%clk 00:15:35]} 0-1

[Event "DVM U12 2023"]
[Site "Magdeburg GER"]
[Date "2023.12.28"]
[Round "4"]
[White "Tu, Audrey"]
[Black "Li, Xiao Teng"]
[Result "0-1"]
[Termination "normal"]
[Board "3.3"]
[WhiteElo "1369"]
[BlackElo "1220"]
[WhiteClock "01:12:33"]
[BlackClock "01:18:33"]
[WhiteTeam "SF 59 Kornwestheim"]
[BlackTeam "SK Bad Homburg 1927"]
[PlyCount "25"]
[WhiteFideId "34628568"]
[BlackFideId "34611053"]
[EventCountry "GER"]
[EventRounds "7"]
[EventType "team-swiss"]
[EventDate "2023.12.26"]

1. e4 {[%clk 01:30:59]} {[%emt 07:08:15]} e5 {[%clk 01:30:51]} 2. Nf3 {[%clk
01:31:26]} Nc6 {[%clk 01:31:16]} 3. Bb5 {[%clk 01:31:52]} a6 {[%clk 01:31:32]}
4. Ba4 {[%clk 01:32:15]} Nge7 {[%clk 01:31:38]} 5. c3 {[%clk 01:29:19]} g6
{[%clk 01:31:03]} 6. d4 {[%clk 01:27:49]} exd4 7. cxd4 {[%clk 01:28:01]} b5
{[%clk 01:25:46]} 8. Bc2 {[%clk 01:27:40]} d5 {[%clk 01:25:25]} 9. e5 {[%clk
01:24:59]} Bg4 {[%clk 01:24:54]} 10. Be3 {[%clk 01:23:55]} Bg7 {[%clk
01:22:41]} 11. h3 {[%clk 01:22:19]} Be6 {[%clk 01:20:27]} 12. Nc3 {[%clk
01:20:38]} O-O {[%clk 01:18:33]} 13. g4 f6 14. exf6 Rxf6 15. g5 Rf8 16. h4 Bg4
17. Qd3 Bxf3 18. Rh3 Nb4 19. Qd2 Nxc2+ 20. Qxc2 Bg4 21. Rh2 Re8 22. Kd2 Nf5 23.
Rg1 Nxe3 24. fxe3 Bf5 25. Qb3 Qd6 26. Rgh1 b4 27. Nxd5 Be6 28. e4 c6 29. Qxb4
Qxb4+ 30. Nxb4 Bd7 31. Kd3 a5 32. Nc2 Be6 33. b3 Rf8 34. Ke3 Bg4 35. Ne1 Rad8
36. e5 c5 37. dxc5 Bxe5 38. Rg2 Bf4+ 39. Ke4 Rde8+ 40. Kd4 Be3+ 41. Kc3 Bf5 42.
Rgh2 Bxc5 43. Nd3 Re3 44. Rd1 Rd8 45. Rhd2 Bb4+ 46. Kc4 Bxd2 47. Rxd2 Bxd3+ 48.
Kc5 Re2 49. Rd1 Rxa2 50. Kc6 Be4+ 51. Kb6 Rxd1 52. h5 Rd6+ 53. Ka7 Rc2 54. h6
Rc7+ 55. Kb8 Rf7 56. Kc8 Re6 57. Kd8 Ra6 58. b4 Ra8# 0-1

[Event "DVM U12 2023"]
[Site "Magdeburg GER"]
[Date "2023.12.28"]
[Round "4"]
[White "Kesavan, Sarvesh"]
[Black "Bodriyenko, Daniel"]
[Result "0-1"]
[Termination "normal"]
[Board "3.4"]
[WhiteElo "1482"]
[BlackElo "1458"]
[WhiteClock "01:27:16"]
[BlackClock "01:31:58"]
[WhiteTeam "SK Bad Homburg 1927"]
[BlackTeam "SF 59 Kornwestheim"]
[PlyCount "11"]
[WhiteFideId "34648160"]
[BlackFideId "34606718"]
[EventCountry "GER"]
[EventRounds "7"]
[EventType "team-swiss"]
[EventDate "2023.12.26"]

1. e4 e5 2. Nf3 Nc6 3. Bc4 Nf6 4. Ng5 d5 5. exd5 Na5 6. Bb5+ c6 7. dxc6 bxc6 8.
Ba4 h6 9. Nf3 e4 10. Ne5 Qd4 11. Bxc6+ Nxc6 12. Nxc6 Qd5 13. Nxa7 Rxa7 14. O-O
Bc5 15. Nc3 Qc6 16. d4 exd3 17. Qxd3 O-O 18. Qg3 Bb7 19. Bxh6 Nh5 20. Qg5 Ra5
21. Qg4 Qxh6 22. a3 Be7 23. b4 Rg5 24. Qd1 Rxg2+ 25. Kh1 Ng3+ 26. fxg3 Qxh2#
1-0

[Event "DVM U12 2023"]
[Site "Magdeburg GER"]
[Date "2023.12.28"]
[Round "4"]
[White "Vu, Hoang Bach"]
[Black "Vinogradov, Ilia"]
[Result "0-1"]
[Termination "normal"]
[Board "4.1"]
[WhiteElo "1230"]
[BlackElo "1583"]
[WhiteClock "01:08:32"]
[BlackClock "01:03:45"]
[WhiteTeam "SC Borussia Lichtenberg"]
[BlackTeam "SV 1947 Walldorf"]
[PlyCount "44"]
[WhiteFideId "12436992"]
[BlackFideId "34603166"]
[EventCountry "GER"]
[EventRounds "7"]
[EventType "team-swiss"]
[EventDate "2023.12.26"]

1. d4 {[%clk 01:30:51]} {[%emt 00:00:09]} Nf6 {[%clk 01:30:56]} {[%emt
00:00:04]} 2. Bf4 {[%clk 01:31:18]} {[%emt 00:00:04]} g6 {[%clk 01:31:21]}
{[%emt 00:00:04]} 3. e3 {[%clk 01:31:45]} {[%emt 00:00:03]} Bg7 {[%clk
01:31:45]} {[%emt 00:00:06]} 4. Nf3 {[%clk 01:31:59]} {[%emt 00:00:16]} O-O
{[%clk 01:32:00]} {[%emt 00:00:15]} 5. c3 {[%clk 01:32:22]} {[%emt 00:00:07]}
d5 {[%clk 01:31:59]} {[%emt 00:00:31]} 6. Bd3 {[%clk 01:32:47]} {[%emt
00:00:05]} Nbd7 {[%clk 01:31:29]} {[%emt 00:01:00]} 7. h4 {[%clk 01:33:16]}
{[%emt 00:00:02]} c5 {[%clk 01:30:49]} {[%emt 00:01:09]} 8. h5 {[%clk
01:33:41]} {[%emt 00:00:05]} Nxh5 {[%clk 01:28:14]} {[%emt 00:03:05]} 9. Rxh5
{[%clk 01:28:03]} {[%emt 00:06:09]} gxh5 {[%clk 01:27:23]} {[%emt 00:01:21]}
10. Ne5 {[%clk 01:26:39]} {[%emt 00:01:54]} Nxe5 {[%clk 01:20:58]} {[%emt
00:06:54]} 11. dxe5 {[%clk 01:26:00]} {[%emt 00:01:10]} c4 {[%clk 01:16:29]}
{[%emt 00:04:59]} 12. Bc2 {[%clk 01:26:23]} {[%emt 00:00:06]} Bg4 {[%clk
01:14:27]} {[%emt 00:02:33]} 13. f3 {[%clk 01:26:50]} {[%emt 00:00:03]} Bc8
{[%clk 01:13:56]} {[%emt 00:01:00]} 14. Bg3 {[%clk 01:25:42]} {[%emt 00:01:29]}
Qb6 {[%clk 01:13:12]} {[%emt 00:01:23]} 15. Bf4 {[%clk 01:24:13]} {[%emt
00:01:59]} Qxb2 {[%clk 01:11:19]} {[%emt 00:02:22]} 16. Qxd5 {[%clk 01:24:01]}
{[%emt 00:00:42]} Qxc2 {[%clk 01:10:33]} {[%emt 00:01:16]} 17. Qb5 {[%clk
01:14:22]} {[%emt 00:10:10]} Bd7 {[%clk 01:07:12]} {[%emt 00:03:51]} 18. Qb4
{[%clk 01:14:35]} {[%emt 00:00:14]} Rfd8 {[%clk 01:06:15]} {[%emt 00:01:30]}
19. e4 {[%clk 01:13:52]} {[%emt 00:01:13]} a5 {[%clk 01:05:25]} {[%emt
00:01:20]} 20. Qa3 {[%clk 01:13:56]} {[%emt 00:00:26]} Qxg2 {[%clk 01:05:02]}
{[%emt 00:00:53]} 21. Nd2 {[%clk 01:13:15]} {[%emt 00:01:11]} Bh3 {[%clk
01:04:51]} {[%emt 00:00:41]} 22. Kd1 {[%clk 01:08:32]} {[%emt 00:05:13]} Qxf3+
{[%clk 01:03:45]} {[%emt 00:01:38]} 0-1